[Event "North American op 22nd"]
[Site "Las Vegas"]
[Date "2012.12.29"]
[Round "8"]
[White "Markzon, Gregory"]
[Black "Zenyuk, Iryna"]
[Result "1/2-1/2"]
[WhiteElo "2203"]
[BlackElo "2250"]
[PlyCount "35"]
[EventDate "2012.12.26"]
[EventType "swiss"]
[EventRounds "9"]
[EventCountry "USA"]
[SourceTitle "CBM 152 Extra"]
[Source "ChessBase"]
[SourceDate "2013.02.25"]
[SourceVersion "1"]
[SourceVersionDate "2013.02.25"]
[SourceQuality "1"]

1. d4 Nf6 2. c4 g6 3. Nc3 Bg7 4. e4 d6 5. Be2 0-0 6. Nf3 e5 7. 0-0 Nc6 8. d5 Ne7 9. b4 Nh5 10. Re1 f5 11. Ng5 Nf6 12. Bf3 c6 13. Qb3 h6 14. Ne6 Bxe6 15. dxe6 fxe4 16. Nxe4 Nxe4 17. Bxe4 Rf6 18. Qh3 1/2-1/2

[Event "North American op 22nd"]
[Site "Las Vegas"]
[Date "2012.12.27"]
[Round "4"]
[White "Zenyuk, Iryna"]
[Black "Mandizha, Farai"]
[Result "1-0"]
[WhiteElo "2250"]
[BlackElo "2415"]
[PlyCount "171"]
[EventDate "2012.12.26"]
[EventType "swiss"]
[EventRounds "9"]
[EventCountry "USA"]
[SourceTitle "CBM 152 Extra"]
[Source "ChessBase"]
[SourceDate "2013.02.25"]
[SourceVersion "1"]
[SourceVersionDate "2013.02.25"]
[SourceQuality "1"]

1. d4 d5 2. c4 e6 3. Nc3 Nf6 4. Nf3 Be7 5. Bf4 0-0 6. e3 b6 7. cxd5 exd5 8. Bd3 c5 9. Ne5 Bb7 10. 0-0 Nc6 11. Ba6 Bxa6 12. Nxc6 Qd7 13. Nxe7+ Qxe7 14. Re1 Bb7 15. Bg5 Rfd8 16. Qf3 c4 17. Rad1 Rac8 18. e4 dxe4 19. d5 exf3 20. Rxe7 Nd7 21. Ne4 f6 22. Nd6 Rb8 23. Bf4 Nc5 24. Nxc4 Ra8 25. Nd6 Ba6 26. gxf3 Rd7 27. Rxd7 Nxd7 28. Re1 Kf8 29. b4 Bd3 30. Re3 Bb1 31. a3 a5 32. bxa5 bxa5 33. Nb5 Kg8 34. Re7 Nf8 35. Bc7 Ng6 36. Re3 Bf5 37. Nd4 Bd7 38. Nb3 Ra7 39. Bxa5 Nf4 40. d6 Ra6 41. Bb4 Nd5 42. Rd3 Nf4 43. Rd2 Ne6 44. Nd4 Nf4 45. Ne2 Ne6 46. Rc2 Kf7 47. Kf1 Rb6 48. Ng3 Rb5 49. Ne4 Rd5 50. Rd2 Rh5 51. Ke2 Ke8 52. Ke3 f5 53. Nc3 f4+ 54. Kd3 Bc6 55. Kc2 Rxh2 56. a4 Rg2 57. a5 Rg5 58. a6 Kd7 59. a7 Rf5 60. Kb3 h5 61. Na4 Bxa4+ 62. Kxa4 Rf8 63. Ka5 h4 64. Ka6 h3 65. Rd1 Rc8 66. Rh1 Nd4 67. Rxh3 Nc6 68. Bc5 Nxa7 69. Bxa7 Kxd6 70. Rh5 Ke6 71. Rc5 Rd8 72. Rc3 Rd2 73. Kb5 g5 74. Kc4 Kf5 75. Rd3 Rc2+ 76. Kd5 Re2 77. Bd4 Re8 78. Rd1 Ra8 79. Re1 Rd8+ 80. Kc4 Kg6 81. Re5 Rb8 82. Kd3 Rb1 83. Re6+ Kh5 84. Ke4 Rb7 85. Kf5 Rb8 86. Re1 1-0

[Event "Washington op 1st"]
[Site "Rockville"]
[Date "2012.08.01"]
[Round "9"]
[White "Zenyuk, Iryna"]
[Black "Prieto, Ernesto"]
[Result "0-1"]
[WhiteElo "2242"]
[BlackElo "2104"]
[PlyCount "61"]
[EventDate "2012.07.28"]
[EventType "swiss"]
[EventRounds "9"]
[EventCountry "USA"]
[SourceTitle "CBM 149 Extra"]
[Source "ChessBase"]
[SourceDate "2012.08.24"]
[SourceVersion "1"]
[SourceVersionDate "2012.08.24"]
[SourceQuality "1"]

1. d4 Nf6 2. c4 g6 3. Nc3 d5 4. cxd5 Nxd5 5. e4 Nxc3 6. bxc3 Bg7 7. Rb1 0-0 8. Nf3 c5 9. Be2 Nc6 10. d5 Ne5 11. Nxe5 Bxe5 12. Qd2 e6 13. f4 Bg7 14. 0-0 exd5 15. exd5 b6 16. c4 Bd4+ 17. Kh1 Bf5 18. Bd3 Re8 19. Qc2 Qf6 20. a4 Re7 21. a5 Rae8 22. axb6 axb6 23. Bxf5 gxf5 24. Rb3 Re1 25. Rbf3 R8e2 26. Qd3 Kf8 27. h3 Qg6 28. g4 Qh6 29. Rxe1 Rxe1+ 30. Rf1 Re3 31. Bxe3 0-1

[Event "Washington op 1st"]
[Site "Rockville"]
[Date "2012.07.29"]
[Round "3"]
[White "Zenyuk, Iryna"]
[Black "Friedel, Joshua E"]
[Result "0-1"]
[WhiteElo "2242"]
[BlackElo "2503"]
[PlyCount "58"]
[EventDate "2012.07.28"]
[EventType "swiss"]
[EventRounds "9"]
[EventCountry "USA"]
[SourceTitle "CBM 149 Extra"]
[Source "ChessBase"]
[SourceDate "2012.08.24"]
[SourceVersion "1"]
[SourceVersionDate "2012.08.24"]
[SourceQuality "1"]

1. d4 d5 2. c4 e6 3. Nc3 Be7 4. Nf3 Nf6 5. Bf4 0-0 6. e3 Nbd7 7. Qc2 c5 8. dxc5 Nxc5 9. Be2 dxc4 10. Bxc4 a6 11. a4 Nd5 12. Bxd5 exd5 13. 0-0 Be6 14. Nd4 Rc8 15. Rfd1 Bf6 16. a5 Qe7 17. Na4 Nxa4 18. Qxa4 Rc4 19. Qa3 Rfc8 20. Bd6 Qd8 21. h3 h6 22. Bb4 Be5 23. Nf3 Bb8 24. Rd4 Qd7 25. Rad1 Bxh3 26. gxh3 Qxh3 27. Rf4 Bxf4 28. exf4 Rxf4 29. Nh2 Rg4+ 0-1

[Event "Washington op 1st"]
[Site "Rockville"]
[Date "2012.07.28"]
[Round "2"]
[White "Rosen, Eric S"]
[Black "Zenyuk, Iryna"]
[Result "0-1"]
[WhiteElo "2328"]
[BlackElo "2242"]
[PlyCount "154"]
[EventDate "2012.07.28"]
[EventType "swiss"]
[EventRounds "9"]
[EventCountry "USA"]
[SourceTitle "CBM 149 Extra"]
[Source "ChessBase"]
[SourceDate "2012.08.24"]
[SourceVersion "1"]
[SourceVersionDate "2012.08.24"]
[SourceQuality "1"]

1. c4 g6 2. Nc3 Bg7 3. d4 Nf6 4. e4 d6 5. Be2 0-0 6. Bg5 h6 7. Be3 Nbd7 8. Qd2 Kh7 9. g4 c5 10. d5 b5 11. cxb5 a6 12. f3 Ne5 13. Nh3 axb5 14. Nxb5 Nexg4 15. fxg4 Nxe4 16. Qc2 Qa5+ 17. Kf1 Bxg4 18. Bxg4 Qxb5+ 19. Be2 Qxb2 20. Qxb2 Bxb2 21. Rb1 Rxa2 22. Bc4 Ra3 23. Rxb2 Rxe3 24. Nf2 Ra8 25. Kg2 Nxf2 26. Rxf2 Kg7 27. Rhf1 f6 28. Bb5 Ra7 29. Rd2 Rb3 30. Be2 Rab7 31. Ba6 Rb2 32. Rff2 Rxd2 33. Rxd2 Rb8 34. Rd3 Kf7 35. Re3 Rb2+ 36. Kg3 Rb8 37. h4 h5 38. Be2 Rb4 39. Ba6 Rg4+ 40. Kh3 Rd4 41. Be2 Kf8 42. Bf3 f5 43. Re2 c4 44. Rc2 Kg7 45. Kg3 Kf6 46. Re2 c3 47. Rc2 Rc4 48. Be2 Rc5 49. Kf4 Rxd5 50. Rxc3 e5+ 51. Kg3 Rd2 52. Ba6 Rd4 53. Be2 f4+ 54. Kf2 e4 55. Rc8 Rd2 56. Ke1 Rb2 57. Rf8+ Ke5 58. Rg8 f3 59. Bd1 Rg2 60. Kf1 Kf4 61. Rd8 Rd2 62. Ke1 Rd4 63. Rf8+ Ke3 64. Be2 Rb4 65. Bxf3 exf3 66. Re8+ Re4 67. Rg8 f2+ 68. Kf1 Rxh4 69. Re8+ Re4 70. Rf8 Rf4 71. Re8+ Kd4 72. Re6 g5 73. Rxd6+ Ke5 74. Ra6 Kf5 75. Rh6 h4 76. Rh8 Kg4 77. Rh7 h3 0-1

[Event "Manhattan op"]
[Site "New York"]
[Date "2011.08.20"]
[Round "6"]
[White "Zenyuk, Iryna"]
[Black "Hughes, John L"]
[Result "1-0"]
[WhiteElo "2222"]
[BlackElo "2049"]
[PlyCount "67"]
[EventDate "2011.08.17"]
[EventType "swiss"]
[EventRounds "9"]
[EventCountry "USA"]
[SourceTitle "CBM 143 Extra"]
[Source "ChessBase"]
[SourceDate "2011.08.29"]
[SourceVersion "1"]
[SourceVersionDate "2011.08.29"]
[SourceQuality "1"]

1. d4 d5 2. c4 e6 3. Nc3 c5 4. cxd5 exd5 5. Nf3 Nc6 6. g3 Nf6 7. Bg2 Be7 8. 0-0 0-0 9. dxc5 Bxc5 10. Na4 Be7 11. Be3 Ne4 12. Nd4 Ne5 13. Rc1 Ng4 14. Bf4 Bg5 15. e3 Re8 16. a3 Qf6 17. Rxc8 Raxc8 18. Qxg4 Bxf4 19. gxf4 Qa6 20. Nf5 Qf6 21. Bxe4 dxe4 22. Nc3 Rc5 23. Ng3 Qc6 24. f5 Rce5 25. Rd1 g6 26. Rd4 Kh8 27. fxg6 hxg6 28. Ngxe4 Kg7 29. Ng3 Rh8 30. f4 Rc5 31. b4 f5 32. Qg5 Qe6 33. bxc5 Qxe3+ 34. Kg2 1-0

[Event "Manhattan op"]
[Site "New York"]
[Date "2011.08.18"]
[Round "2"]
[White "Zenyuk, Iryna"]
[Black "Sarkar, Justin"]
[Result "1/2-1/2"]
[WhiteElo "2222"]
[BlackElo "2376"]
[PlyCount "124"]
[EventDate "2011.08.17"]
[EventType "swiss"]
[EventRounds "9"]
[EventCountry "USA"]
[SourceTitle "CBM 143 Extra"]
[Source "ChessBase"]
[SourceDate "2011.08.29"]
[SourceVersion "1"]
[SourceVersionDate "2011.08.29"]
[SourceQuality "1"]

1. d4 d5 2. c4 c6 3. Nc3 e6 4. Qc2 dxc4 5. e3 b5 6. a4 Qb6 7. axb5 cxb5 8. b3 cxb3 9. Qxb3 b4 10. Na4 Qd8 11. Nf3 Nf6 12. Ne5 a5 13. Bb5+ Bd7 14. Nxd7 Nbxd7 15. 0-0 Be7 16. e4 0-0 17. Bf4 Nxe4 18. Bc6 Nef6 19. Bxa8 Qxa8 20. Rfc1 Nd5 21. Be3 Rb8 22. Rc2 g6 23. h3 Qa6 24. Rac1 Kg7 25. Nc5 Nxc5 26. dxc5 Bf6 27. c6 a4 28. Qc4 Qxc4 29. Rxc4 a3 30. c7 Rc8 31. Bd4 Bxd4 32. Rxd4 b3 33. Ra4 b2 34. Rf1 Nc3 35. Rxa3 Ne2+ 36. Kh2 Nc1 37. Rc3 b1Q 38. Rfxc1 Qb6 39. R1c2 Qd6+ 40. Kg1 Kf6 41. g3 Ke7 42. Rc6 Qd1+ 43. Kh2 h5 44. h4 Kd7 45. R6c3 e5 46. Kg2 Qd6 47. Kf3 Rxc7 48. Rxc7+ Qxc7 49. Rxc7+ Kxc7 50. Ke4 Kd6 51. Ke3 Kd5 52. Kd3 e4+ 53. Ke3 Ke5 54. Ke2 Kd4 55. Kd2 f6 56. Ke2 g5 57. g4 Ke5 58. gxh5 Kf5 59. h6 Kg6 60. hxg5 fxg5 61. Ke3 Kxh6 62. Kxe4 Kh5 1/2-1/2

[Event "Canadian op 48th"]
[Site "Toronto"]
[Date "2011.07.14"]
[Round "6"]
[White "Zenyuk, Iryna"]
[Black "Chernik, Dmitry"]
[Result "1-0"]
[WhiteElo "2222"]
[BlackElo "2004"]
[PlyCount "89"]
[EventDate "2011.07.09"]
[EventType "swiss"]
[EventRounds "9"]
[EventCountry "CAN"]
[SourceTitle "CBM 143 Extra"]
[Source "ChessBase"]
[SourceDate "2011.08.29"]
[SourceVersion "1"]
[SourceVersionDate "2011.08.29"]
[SourceQuality "1"]

1. d4 Nf6 2. c4 g6 3. Nc3 d5 4. cxd5 Nxd5 5. e4 Nxc3 6. bxc3 c5 7. Rb1 Bg7 8. Nf3 0-0 9. Be2 Nc6 10. d5 Ne5 11. Nxe5 Bxe5 12. Qd2 Qa5 13. Rb3 b5 14. Bxb5 Ba6 15. c4 Qxd2+ 16. Bxd2 Bxb5 17. Rxb5 Rfb8 18. Ke2 Rxb5 19. cxb5 Rb8 20. a4 a6 21. bxa6 Ra8 22. Rc1 Rxa6 23. a5 Bd4 24. f3 f6 25. Kd3 Kf7 26. Rb1 Ra7 27. Kc4 Ke8 28. Rb5 Kd7 29. Bc1 Bf2 30. Bd2 Bd4 31. h3 h5 32. Rb6 g5 33. a6 Kc8 34. Rc6+ Kd7 35. Bc1 Rc7 36. Rxc7+ Kxc7 37. Ba3 Kb6 38. a7 Kxa7 39. Bxc5+ Bxc5 40. Kxc5 Kb7 41. d6 e6 42. Kd4 Kc6 43. e5 Kd7 44. Ke4 h4 45. f4 1-0

[Event "Canadian op 48th"]
[Site "Toronto"]
[Date "2011.07.13"]
[Round "5"]
[White "Krush, Irina"]
[Black "Zenyuk, Iryna"]
[Result "1-0"]
[WhiteElo "2487"]
[BlackElo "2222"]
[PlyCount "61"]
[EventDate "2011.07.09"]
[EventType "swiss"]
[EventRounds "9"]
[EventCountry "CAN"]
[SourceTitle "CBM 143 Extra"]
[Source "ChessBase"]
[SourceDate "2011.08.29"]
[SourceVersion "1"]
[SourceVersionDate "2011.08.29"]
[SourceQuality "1"]

1. d4 Nf6 2. Nf3 g6 3. c4 Bg7 4. Nc3 0-0 5. e4 d6 6. Be2 e5 7. 0-0 Nc6 8. d5 Ne7 9. Ne1 Nd7 10. Be3 f5 11. f3 f4 12. Bf2 g5 13. Rc1 a6 14. b4 Rf6 15. Nd3 b6 16. c5 Rh6 17. Kh1 Qe8 18. cxd6 cxd6 19. Bg1 Rb8 20. Nf2 Rg6 21. b5 a5 22. Na4 h5 23. Nd3 Kh7 24. Ndb2 Qd8 25. Nc4 Bh6 26. Qd2 g4 27. Naxb6 gxf3 28. Bxf3 Nxb6 29. Bxb6 Qg8 30. Bc7 Rxb5 31. Nxd6 1-0

[Event "Canadian op 48th"]
[Site "Toronto"]
[Date "2011.07.12"]
[Round "4"]
[White "Zenyuk, Iryna"]
[Black "Reshef, Omer"]
[Result "1-0"]
[WhiteElo "2222"]
[BlackElo "2145"]
[PlyCount "101"]
[EventDate "2011.07.09"]
[EventType "swiss"]
[EventRounds "9"]
[EventCountry "CAN"]
[SourceTitle "CBM 143 Extra"]
[Source "ChessBase"]
[SourceDate "2011.08.29"]
[SourceVersion "1"]
[SourceVersionDate "2011.08.29"]
[SourceQuality "1"]

1. d4 d5 2. c4 c6 3. Nc3 Nf6 4. e3 g6 5. Nf3 Bg7 6. h3 0-0 7. Bd3 a6 8. 0-0 dxc4 9. Bxc4 b5 10. Bd3 c5 11. dxc5 Nbd7 12. b4 Nd5 13. Nxd5 Bxa1 14. Be4 Ra7 15. Nd4 Bxd4 16. exd4 Bb7 17. Bg5 Bxd5 18. Bxd5 Nf6 19. Bb3 Nd5 20. Qf3 Rd7 21. Bxd5 Rxd5 22. Bxe7 Qxe7 23. Qxd5 Rd8 24. Qe5 Qxe5 25. dxe5 Kf8 26. Rc1 Ke7 27. c6 Rc8 28. f4 Kd8 29. Kf2 Kc7 30. Ke3 Ra8 31. Kd4 Rd8+ 32. Ke3 Ra8 33. a3 a5 34. Kd4 axb4 35. axb4 Ra6 36. g4 h6 37. h4 Ra2 38. Kc5 Rf2 39. Kxb5 Rxf4 40. Rd1 Rxg4 41. Rd7+ Kc8 42. Rxf7 Re4 43. Rg7 g5 44. hxg5 hxg5 45. Rxg5 Rd4 46. Kc5 Rd8 47. b5 Kb8 48. b6 Re8 49. Rh5 Kc8 50. e6 Kb8 51. Rh7 1-0

[Event "Chicago op 20th"]
[Site "Wheeling"]
[Date "2011.05.29"]
[Round "6"]
[White "Zenyuk, Iryna"]
[Black "Arnold, Marc Tyler"]
[Result "0-1"]
[WhiteElo "2222"]
[BlackElo "2432"]
[PlyCount "82"]
[EventDate "2011.05.26"]
[EventType "swiss"]
[EventRounds "9"]
[EventCountry "USA"]
[SourceTitle "CBM 142 Extra"]
[Source "ChessBase"]
[SourceDate "2011.06.27"]
[SourceVersion "1"]
[SourceVersionDate "2011.06.27"]
[SourceQuality "1"]

1. d4 Nf6 2. c4 e6 3. Nc3 Bb4 4. Bg5 c5 5. d5 h6 6. Bh4 d6 7. e3 Bxc3+ 8. bxc3 0-0 9. Bd3 exd5 10. cxd5 Nbd7 11. Nf3 Qa5 12. 0-0 Qxc3 13. Bg3 c4 14. Bc2 Qa3 15. Qd4 b5 16. Nh4 Re8 17. Nf5 Ne5 18. Bh4 Bxf5 19. Bxf5 Ned7 20. e4 Qc5 21. Bxf6 Nxf6 22. Qxc5 dxc5 23. f3 c3 24. Rfd1 Rad8 25. Kf2 a5 26. Rac1 b4 27. g3 Re5 28. Bh3 Ne8 29. Bg2 Nd6 30. Re1 f5 31. Ke3 g5 32. f4 gxf4+ 33. gxf4 Rxe4+ 34. Bxe4 Nxe4 35. Red1 a4 36. Rd3 b3 37. axb3 axb3 38. Rdxc3 Nxc3 39. Rxc3 Rb8 40. Rc1 b2 41. Rb1 Kf7 0-1